000 00504cam a22001217a 4500
008 180718b1976 xxu||||| |||| 00| 0 eng d
082 _aA81x54 In2/71/24/PT10A&B/S
100 _aCensus of India 1971
245 _aArunachal Pradesh district census handbook, Siang: town and village directory, urban block/villagewise primary census abstract
260 _aShillong
_bThe Government of Arunachal Pradesh
_c1976
300 _a301+p.
440 _aCensus of India 1971. Series-24, Arunachal Pradesh. Part X-A & B
999 _c485612
_d485612